000 01756cam a22004093a 4500
001 15033892
003 SISC
005 20160705115552.0
008 070227s2007 nyub 000 1 eng d
010 _a 2007583603
020 _a9780441014736 (pbk.) :
_c$7.99
020 _a0441014739 (pbk.) :
_c$7.99
035 _a(OCoLC)ocm85372584
035 _a(OCoLC)85372584
040 _aUPZ
_cUPZ
_dBAKER
_dBTCTA
_dDLC
042 _alccopycat
050 _aPZ 7
_b.B854 2007
100 1 _aBriggs, Patricia.
245 1 0 _aBlood bound /
_cPatricia Briggs.
250 _aAce mass-market ed.
260 _aNew York :
_bAce Books,
_c2007.
300 _a292 pages ;
_c18 cm.
490 0 _aAn Ace book
500 _a"Ace fantasy"--Spine.
520 _aJalopy mechanic and were-creature Mercedes Thompson can change into a coyote whenever she wants to. As a favor, she agrees to back up vampire friend Stefan when he confronts another of his kind. But, being demon-possessed, that vampire proves deadlier than most and before she can do anything to help, Mercedes is in the middle of a war with vampires and werewolves.
650 0 _aThompson, Mercy (Fictitious character)
_vFiction.
650 0 _aVampires
_vFiction.
650 0 _aWerewolves
_vFiction.
650 0 _aMetamorphosis
_vFiction.
655 7 _aFantasy fiction.
_2gsafd
710 2 _aCopyright Paperback Collection (Library of Congress)
_5DLC
856 4 2 _3Contributor biographical information
_uhttp://www.loc.gov/catdir/enhancements/fy0801/2007583603-b.html
856 4 2 _3Publisher description
_uhttp://www.loc.gov/catdir/enhancements/fy0801/2007583603-d.html
906 _a7
_bcbc
_ccopycat
_d2
_encip
_f20
_gy-genrareb
942 _2lcc
_cBK
999 _c296214
_d296214